Unrecognized States of the World - Statistics

General Stats
  • This quiz has been taken 71 times
  • The average score is 7 of 14
Answer Stats
Hint Answer % Correct
Africa Somaliland
81%
Asia Palestine
78%
Africa Western Sahara
75%
Asia Taiwan
73%
Europe Transnistria
73%
Europe Kosovo
66%
Asia Abkhazia
58%
Asia South Ossetia
58%
Asia Northern Cyprus
53%
Oceania Cook Islands
31%
Oceania Niue
25%
Europe Vatican City
22%
Asia Wa State
8%
Africa Azawad
6%
No matching quizzes found
Score Distribution
Percent of People with Each Score
Percentile by Number Answered
Your Score History
You have not taken this quiz